Aurelio Prudencio
Guardat en:
| Autor principal: | |
|---|---|
| Format: | Llibre |
| Idioma: | espanyol |
| Publicat: |
Barcelona
Labor
1942
|
| Edició: | 1a. ed |
| Col·lecció: | Colección Pro Eclesia Et Patria, 6
|
| Matèries: | |
| Etiquetes: |
Afegir etiqueta
Sense etiquetes, Sigues el primer a etiquetar aquest registre!
|
MARC
| LEADER | 00000cam a2200000 a 4500 | ||
|---|---|---|---|
| 001 | UCD0630 | ||
| 003 | CL-VaPUC | ||
| 008 | 151204e19420000sp |||||||||||||||||spa|d | ||
| 082 | 0 | 4 | |a 871 |b RIB |2 21 |
| 100 | 0 | |a Riber, Lorenzo |e author |9 583592 | |
| 245 | 1 | 0 | |a Aurelio Prudencio |
| 250 | |a 1a. ed | ||
| 300 | |a 248 p | ||
| 942 | |c BK | ||
| 945 | |d 20151204 12:43:00 |a gsalatino | ||
| 260 | |a Barcelona |b Labor |c 1942 | ||
| 600 | 0 | |a Prudencio Clemente, Aurelio |e autor |9 324654 | |
| 650 | 0 | |a Poetas latinos |9 350304 | |
| 650 | 0 | |a Literatura religiosa |9 266283 | |
| 650 | 7 | |a POESIAS LATINAS |2 CL-VaPUC |9 583593 | |
| 583 | |a last modification |c 20151204 12:43:00 |k Rodrigo Vera | ||
| 490 | 0 | |a Colección Pro Eclesia Et Patria, 6 | |
| 999 | |c 362093 |d 362091 | ||
| 952 | |0 0 |1 0 |3 erd |4 0 |6 871_000000000000000_RIB_1942 |7 0 |8 P |9 472960 |a BIBTEO |b BIBTES |c TEO_FTES |i 5272440 |o 871 RIB 1942 |p 5272440 |r 2024-01-18 |w 2019-11-24 |y BK |z Catalogado en:20151204 |k ICR | ||